000 00799nam a2200253 a 4500
001 000022236
005 20200930011637.0
008 100920s1988 sp r 000 f spa d
020 _a8472232816
040 _aDO-SdBNP
_bspa
_cBNPHU
082 _a863.64
_aS473n
100 1 _aSemprun, Jorge
_d1923-
_945979
240 1 0 _aNetchaïev est de retour...
_lEspañol
245 1 0 _aNetchaiev ha vuelto /
_cJorge Semprun ; traducción de Thomas Kauf.
260 _aBarcelona :
_bTusquets,
_c1988.
300 _a334 p. ;
_c21 cm.
490 1 _aAndanza ;
_v81
534 _aTítulo original :
_tNetchaïev est de retour...
650 4 _aNovela española
_91123
650 4 _aLiteratura española
_ySIGLO XX
_93326
700 1 _aKauf, Thomas
_etr.
_945980
830 0 _aAndanza ;
_v81
_945981
049 _aBNGR
999 _c21734
_d21734